| 000 | 00833nam a22002057a 4500 | ||
|---|---|---|---|
| 999 |
_c274154 _d274154 |
||
| 008 | 201130b ||||| |||| 00| 0 eng d | ||
| 040 |
_bger _cDE-2950 _erda _aDE-2950 |
||
| 041 | _ager | ||
| 100 | _aFreitag, Gerrit: | ||
| 245 |
_aEin Leben für das täglich Brot. _bHandwerk: Das Angebot ist vielseitig und die Nachfrage an frischen Backwaren enorm gestiegen. Für die Bäcker bedeutet das eine tägliche Herausforderung bis an die Belastungsgrenze / _cGerrit Freitag |
||
| 264 | _c2021 | ||
| 653 | _aFrankfurt (Oder) | ||
| 653 | _aHandwerk | ||
| 653 | _aBäckerei Wendland | ||
| 773 |
_dFrankfurt (Oder): Märkisches Verlags- und Druckhaus GmbH & Co KG _g32. Jahrgang (2021) Nr. 162 vom 15.07.2021, S.15. : Foto _tMärkische Oderzeitung |
||
| 942 | _cA | ||